000 00714nam a22002657a 4500
003 OSt
005 20140310183124.0
008 121211t xxu||||| |||| 00| 0 eng d
050 _aGV 1703
_b.Aq657 1996
082 _aFIL 793.319
_bAq5 1996
245 _aPhilippine folk dances /
_cAquino , Francisca Reyes
260 _aManila
_bKayumanggi Press
_cc1996
300 _a27 cm.
_bill.
521 _acollege students
526 _c1210L-1700L
541 _j1
_ivol. 1
541 _j2
_ivol. 2
541 _j3
_ivol. 3
541 _j4
_ivol. 4
541 _j5
_ivol. 5
541 _j6
_ivol. 6
541 _j7
_ivol. 7
562 _e7
942 _2lcc
_cBK
_kFIL
999 _c18986
_d18986